000 00608nam a2200241Ia 4500
003 OSt
005 20250627110756.0
008 210423s1988 xx 000 0 und d
020 _a9788120305960
040 _cAL
041 _aeng
082 _a005.1301
_223
_bKERC
100 _aBrian W Kernigham
_965022
245 _aC programming language
250 _a2
260 _aNew Delhi
_bPHI Learning Pvt Ltd
_c1988
300 _axii,272
_bPB
365 _b150
_cINR
650 _aComputer Programming
_965023
650 _aGeneral
_965024
906 _aC ; language. ; programming
942 _2ddc
_cBK
999 _c158659
_d158659